Sabrina Carpenter - Chansons de l'album Man's Best Friend - Statistiques

Statistiques générales
  • Ce quiz a été pris 178 fois
    170 depuis la dernière actualisation
  • Le résultat moyen est 11 sur 13
Statistiques - réponses
Hint Réponse % Correct
Man's Best Friend 1 Manchild
98%
Man's Best Friend 2 Tears
95%
Man's Best Friend2 12 Goodbye
90%
Man's Best Friend2 11 House Tour
89%
Man's Best Friend 6 Nobody's Son
86%
Man's Best Friend2 8 When Did You Get Hot?
85%
Man's Best Friend2 9 Go Go Juice
83%
Man's Best Friend 5 We Almost Broke Up Again Last Night
79%
Man's Best Friend 3 My Man on Willpower
78%
Man's Best Friend 4 Sugar Talking
78%
Man's Best Friend2 10 Don't Worry I'll Make You Worry
75%
Man's Best Friend 7 Never Getting Laid
72%
Man's Best Friend2 Bonus Such a Funny Way
58%
Aucun quiz correspondant
Distribution des résultats
% des personnes avec chaque résultat
Percentile par nombre de réponses
Votre historique - résultats
Vous n’avez pas pris ce quiz depuis la dernière actualisation